zpět

Detail výsledku týmu

U Kostela, Vacov

Datum a čas kvízu

27.5 Celkem bodů Celkový počet nahraných bodů na tomto kvízu bez doplňovacích otázek.
5. Pořadí na kvízu Konečné umístění týmu na tomto kvízu.

Zaznamenané odpovědi

# Otázka Odpověď Body Výsledky
1. Který netradiční protest předv... chodili k pultu pozadu 0
2. Na co je podle šéfky pro zahra... A 0
3. Jakub Hrůša získal minulý týde... dirigent (hudební ředitel) 0
4. Firma Mattel uvedla na trh nov... C 0
5. Česká republika získala zásluh... krasobruslení 0
6. Vaším úkolem v tématu bude odh... červená, žlutá 1
7. Teď se podíváme na domácí fotb... tři 1
8. Pojďme na hokej. Olomoucký koh... červenou 1
9. Na základě zobrazených barev l... Los Angeles Lakers 1
10. Které americké město oslavuje... Pittsburgh 0